Currency Speculation and the Optimum Control of Bank Lending in Singapore Dollar <A> Case for Partial Liberalization
Enregistré dans:
| Auteur principal: | |
|---|---|
| Autres auteurs: | |
| Format: | Livre |
| Langue: | anglais |
| Publié: |
Washington
International Monetary Fund
1996
|
| Édition: | 1. ed. |
| Collection: | IMF Working Paper
95 |
| Sujets: | |
| Tags: |
Pas de tags, Soyez le premier à ajouter un tag!
|
MARC
| LEADER | 00000nam a2200000 4500 | ||
|---|---|---|---|
| 001 | c017487 | ||
| 005 | 20221205125051.0 | ||
| 041 | 0 | |a eng | |
| 044 | |a US | ||
| 245 | 1 | 0 | |a Currency Speculation and the Optimum Control of Bank Lending in Singapore Dollar |b <A> Case for Partial Liberalization |c Kenneth S. Chan, Kee-Jin Ngiam |
| 250 | |a 1. ed. | ||
| 264 | 1 | |a Washington |b International Monetary Fund |c 1996 | |
| 300 | |a 33 s. | ||
| 490 | 1 | |a IMF Working Paper |v 95 | |
| 830 | 0 | |a IMF Working Paper |v 95 | |
| 610 | 2 | 0 | |a banky |
| 610 | 2 | 0 | |a operácie bankové |
| 610 | 2 | 0 | |a mena |
| 610 | 2 | 0 | |a dohľad bankový |
| 610 | 2 | 0 | |a pôžičky |
| 610 | 2 | 0 | |a dolár |
| 610 | 2 | 0 | |a Singapur |
| 610 | 2 | 0 | |a liberalizácia |
| 610 | 2 | 0 | |a trh finančný |
| 100 | 1 | |a Chan, Kenneth S. | |
| 700 | 1 | |a Ngiam, Kee-Jin | |